00490nam a2200181 a 4500001001300000003000900013005001700022008004100039020001000080082001700090245004500107260004300152300000900195500003500204505002000239650002200259710002700281nice12345678IN_TiNIC20260116012110.0050524s1954 hyda grp 000 0 eng  ac10000a954.84bCRO1 aChronology of Modern Hyderabad 1720-1890 aHyderabadbCentral Record Officec1954 a326p aincludes index and biblioraphy2 aIndex, Glossary aHyderabad-History2 aCentral Records Office